Ekonomické znalosti pro tržní praxi publikace vzešla z tematické mezinárodní vědecké konference v Olomouci dne 9.-10.9.2009

Na minha lista:
Detalhes bibliográficos
Autor Corporativo: Ekonomické znalosti pro tržní praxi. Mezinárodní vědecká konference
Outros Autores: Kubátová, Jaroslava, Jašek, Roman, Mládková, Ludmila
Formato: Livro
Idioma:tcheco
inglês
eslovaco
Publicado em: Olomouc Katedra aplikované ekonomie Filozofické fakulty Univerzity Palackého v Olomouci 2009
Assuntos:
Tags: Adicionar Tag
Sem tags, seja o primeiro a adicionar uma tag!

MARC

LEADER 00000nlm$a2200000$$$4500
001 0105585
005 20240514122822.1
020 |a 978-80-87273-02-9 
041 0 |a cze 
041 0 |a eng 
041 0 |a slo 
044 |a CZ 
245 1 0 |a Ekonomické znalosti pro tržní praxi  |b publikace vzešla z tematické mezinárodní vědecké konference v Olomouci dne 9.-10.9.2009  |c kolektiv autorů ; editor Jaroslava Kubátová 
264 1 |a Olomouc  |b Katedra aplikované ekonomie Filozofické fakulty Univerzity Palackého v Olomouci  |c 2009 
610 2 0 |a ekonómia 
610 2 0 |a trh 
610 2 0 |a konkurencieschopnosť 
610 2 0 |a vzdelávanie 
610 2 0 |a vzdelávanie vysokoškolské 
700 1 |a Kubátová, Jaroslava 
700 1 |a Jašek, Roman 
700 1 |a Mládková, Ludmila 
110 2 |a Ekonomické znalosti pro tržní praxi. Mezinárodní vědecká konference